1329 1374 1172 1487 1661 1280 1613 1530 1689 1464 1119 1443 1565 1750 1300 1824 1677 1774 1046 1035 1621 1171 1531 1017 1426 1532 1294 1171 1088 1510 1265 1017 1530 1792 1051 1283 1143 1906 1156 1895 1404 1128 1401 1559 1220 1879 1401 1427 1687 1508 1045 1410 1246 1863 1239 1985 1183 1342 1412 1074 1969 1117 1850 1301 1763 1274 1601 1997 1000 1249 1615 1883 1347 1382 1125 1391 1410 1464 1052 1796 1575 1623 1755 1022 1477 1994 1507 1891 1100 1613 1730 1320 1512 1399 1549 1379 1264 1300 1620 BCNSPRNW ULIB Ver.6.0+V

เปลี่ยนเป็นภาษาไทย

Change to English
 แสดงรายละเอียดบรรณานุกรม
  กลับหน้าหลัก

Brief Record : Get Marc (ISO 2709) : E-mail record : QR code < ปิดหน้าต่าง
LEADER : 00000nam 2200000uu 4500
001    13399108391
003     ULIB
008    110302s2010||||th 000 0 eng d
020    9781608310883 (v.2)
060 04 WY150^bB897 ล.2 2010
245 00 Brunner & Suddarth s textbook of medical-surgical nursing/^cBrunner, Lillian Sholtis,Suddarth,Doris Smith
246 30 Brunner and Suddarth s textbook of medical-surgicalnursing
246 30 Textbook of medical-surgical nursing
250    12th ed. /^b[edited by] Suzanne C. Smeltzer ... [et al.]
260    Philadelphia :^bWolters Kluwer/Lippincott Williams &Wilkins,^c2010
300    2 v. (xxvii, 2240, I096) :^bill. ;^c29 cm.3/4 in.).
504    Includes bibliographical references and index
650  2 Nursing Care
650  2 Perioperative Nursing
700 1  Brunner, Lillian Sholtis
700 1  Suddarth, Doris Smith
700 1  Smeltzer, Suzanne C. O Connell,^eed.
945    ^p2530^l0^i029054
945    ^p2530^l0^i027388
995    ทศพร
999 ^a ใช้งานได้ทุกระบบ
รายการนี้ยังไม่มีแท็ก
คุณยังไม่ได้ล็อกอิน คุณสามารถมีกิจกรรมร่วมกับเว็บไซต์ได้ แต่ต้องล็อกอินก่อน ::
  ล็อกอิน

รายการสื่อสารสนเทศ

ลำดับที่ ประเภท เลขเรียก/บาร์โค้ด สถานที่ สถานะ
- ไม่พบข้อมูล -

รายการใกล้เคียง
    หัวเรื่อง [Nursing Care]
    หัวเรื่อง [Perioperative Nursing]

BibComment


ยังไม่เคยถูกคอมเมนท์

คอมเมนท์ทรัพยากรรายการนี้
  คอมเมนท์: Brunner Suddarth..


 Copyright 2026. Bcnsprnw @Library